La significación histórica del Derecho Canónico / (Record no. 96459)

MARC details
000 -LEADER
campo de control de longitud fija 00897nam a2200217 i 4500
001 - NÚMERO DE CONTROL
campo de control 96459
003 - IDENTIFICADOR DE NÚMERO DE CONTROL
campo de control ES-MaACL
005 - FECHA Y HORA DE LA ÚLTIMA TRANSACCIÓN
campo de control 20260127062534.0
007 - CAMPO FIJO DE DESCRIPCIÓN FÍSICA--INFORMACIÓN GENERAL
campo de control de longitud fija t|
008 - DATOS DE LONGITUD FIJA--INFORMACIÓN GENERAL
campo de control de longitud fija 050627s1969 sp ||||1| spa d
100 1# - ENTRADA PRINCIPAL--NOMBRE DE PERSONA
Nombre de persona Maldonado y Fernández de Torco, José.
9 (RLIN) 75741
245 13 - MENCIÓN DEL TÍTULO
Título La significación histórica del Derecho Canónico /
Mención de responsabilidad, etc. Discurso recepción por José Maldonado y Fernández del Torco el día 5 de Mayo de 1969 y contestación Alfonso García-Gallo y de Diego.
260 ## - PUBLICACIÓN, DISTRIBUCIÓN, ETC.
Lugar de publicación, distribución, etc. Pamplona :
Nombre del editor, distribuidor, etc. Ed. Gómez,
Fecha de publicación, distribución, etc. 1969.
300 ## - DESCRIPCIÓN FÍSICA
Extensión 113 p. ;
Dimensiones 24 cm.
500 ## - NOTA GENERAL
Nota general Precede al tít.: Real Academia de Jurisprudencia y Legislación.
700 1# - ENTRADA AGREGADA--NOMBRE PERSONAL
Nombre de persona García-Gallo, Alfonso,
Fechas asociadas al nombre 1911-1992
9 (RLIN) 54644
700 ## - ENTRADA AGREGADA--NOMBRE PERSONAL
Nombre de persona Real Academia de Jurisprudencia y Legislación de España
9 (RLIN) 217612
852 ## - LOCALIZACIÓN
Ubicación ES-MaACL
Número de control de estantería C-35791
Sublocalización o colección R.69533
852 ## - LOCALIZACIÓN
Ubicación ES-MaACL
Número de control de estantería C-46102
Sublocalización o colección R.70324
Holdings
Estatus retirado Estado de pérdida Estado de daño No para préstamo Biblioteca de origen Biblioteca actual Ubicación en estantería Fecha de adquisición Fuente de adquisición Total de préstamos Signatura topográfica completa Código de barras Visto por última vez Precio de reemplazo Tipo de ítem Koha
        Biblioteca del Ateneo de Madrid Biblioteca del Ateneo de Madrid Depósito 2 17/01/2008     C-46102 1100705 23/02/2023 23/02/2023 Libro impreso
        Biblioteca del Ateneo de Madrid Biblioteca del Ateneo de Madrid Depósito 2 17/01/2008     C-35791 1100704 23/02/2023 23/02/2023 Libro impreso